Ultrasonics /

Bibliographic Details
Main Author: Woodcock, John P.
Format: Book
Language:English
Published: Bristol, [Glouchestershire] : A. Hilger, in collaboration with the Hospital Physicists' Association, [1979]
Series:Medical physics handbooks ; 1.
Subjects:

MARC

Tag First Indicator Second Indicator Subfields
LEADER 00000cam a2200000 a 4500
001 in00000076636
005 20151008053730.0
008 800408s1979 enka b 00110 eng d
020 |a 0852745060 
035 |a (OCoLC)06179373 
035 |9 AAH8455AM 
040 |a VYF  |c VYF  |d TXA  |d UtOrBLW 
049 |a TXAM  |c [1195909] 
090 |a R857.U48  |b W6 
092 |a 610/.28 
100 1 |a Woodcock, John P. 
245 1 0 |a Ultrasonics /  |c J.P. Woodcock. 
264 1 |a Bristol, [Glouchestershire] :  |b A. Hilger, in collaboration with the Hospital Physicists' Association,  |c [1979] 
264 4 |c ©1979 
300 |a vi, 166 pages :  |b illustrations ;  |c 22 cm. 
336 |a text  |b txt  |2 rdacontent 
337 |a unmediated  |b n  |2 rdamedia 
338 |a volume  |b nc  |2 rdacarrier 
490 1 |a Medical physics handbooks ;  |v 1 
500 |a Includes index. 
504 |a Bibliography: pages 158-162. 
650 0 |a Ultrasonics in medicine. 
830 0 |a Medical physics handbooks ;  |v 1. 
999 |a MARS 
999 f f |s abd7651e-7977-380f-a91b-d9c383404094  |i 2387a52a-1ebb-3ae7-ab3b-5df5db11c7a8  |t 0 
952 f f |p ric  |a Texas A&M University  |b Rellis Campus  |c Joint Library Facility  |d Remote Storage  |t 0  |e R857.U48 W6  |h Library of Congress classification  |i unmediated -- volume  |m A14806227160 
998 f f |a R857.U48 W6  |t 0  |l Remote Storage